Sports Quiz

Random Sports Quiz

West Coast Eagles 100-game players Quiz Stats

 Plays Quiz not verified by Sporcle

Score 0/50 Timer 12:00
0 Plays Today
Games Player % Correct
276Glen Jakovich
88.2%
253Peter Matera
88.2%
179Phillip Matera
88.2%
134Chris Judd
88.2%
238Ben Cousins
85.3%
227*Dean Cox
85.3%
209John Worsfold
85.3%
231*Andrew Embley
82.4%
201Chris Mainwaring
82.4%
267Guy McKenna
79.4%
243Dean Kemp
79.4%
227David Wirrpanda
79.4%
220*Darren Glass
79.4%
215Chris Lewis
79.4%
158Adam Selwood
79.4%
150Peter Sumich
79.4%
103Daniel Chick
79.4%
102Tyson Stenglein
79.4%
265Drew Banfield
76.5%
186*Daniel Kerr
76.5%
156Brett Heady
76.5%
151Mitchell White
76.5%
100*Mark LeCras
76.5%
228Michael Braun
73.5%
188*Quinten Lynch
73.5%
Games Player % Correct
151Adam Hunter
73.5%
242Ashley McIntosh
70.6%
132Don Pyke
70.6%
129Michael Gardiner
70.6%
158Rowan Jones
67.6%
151Dwayne Lamb
67.6%
117Peter Wilson
67.6%
100Karl Langdon
67.6%
102Brett Jones
64.7%
179Chad Fletcher
61.8%
103Jason Ball
61.8%
177Chris Waterman
58.8%
108Tony Evans
58.8%
108*Matthew Priddis
58.8%
102Mark Seaby
58.8%
179Michael Brennan
55.9%
129Ryan Turnbull
55.9%
115Craig Turley
55.9%
184David Hart
52.9%
115Fraser Gehrig
47.1%
112*Mark Nicoski
47.1%
148Chad Morrison
44.1%
108Daniel Metropolis
44.1%
108*Matt Rosa
44.1%
110Brent Staker
38.2%

You're not logged in!

Compare scores with friends on all Sporcle quizzes.
OR
Log In

Show Comments

Extras

Top Quizzes Today


Score Distribution

Your Account Isn't Verified!

In order to create a playlist on Sporcle, you need to verify the email address you used during registration. Go to your Sporcle Settings to finish the process.

Report this User

Report this user for behavior that violates our Community Guidelines.

Details: